Construction output down by 0.1% in the euro area (Record no. 81676)

MARC details
000 -LEADER
fixed length control field 01157cad a22002175a 4500
001 - CONTROL NUMBER
control field L147921
008 - FIXED-LENGTH DATA ELEMENTS--GENERAL INFORMATION
fixed length control field 090701e20090519 d f s 000 0 eng d
035 ## - SYSTEM CONTROL NUMBER
System control number (Sirsi) u147921
041 0# - LANGUAGE CODE
Language code of text/sound track or separate title eng
110 2# - MAIN ENTRY--CORPORATE NAME
Corporate name or jurisdiction name as entry element Eurostat
9 (RLIN) 1416
245 00 - TITLE STATEMENT
Title Construction output down by 0.1% in the euro area
Medium [electronic resource]
260 ## - PUBLICATION, DISTRIBUTION, ETC.
Date of publication, distribution, etc. 2008
490 #0 - SERIES STATEMENT
Series statement Eurostat News Release
Volume/sequential designation (182/2008) 17 December 2008
520 ## - SUMMARY, ETC.
Summary, etc. Reveals that seasonally adjusted production in the construction sector decreased by 0.1% in the euro area and by 2.1% in the EU27 in March 2009, compared to Feburary 2009. Compared with March 2008, output fell by 8.7% in the euro area, and by 10.5% in the EU27 in March 2009. Tables show monthly, quarterly, and annual variation in construction output. Other tables present monthly and quarterly production indices for total construction for individual member states.
590 ## - LOCAL NOTE (RLIN)
Local note KA
650 24 - SUBJECT ADDED ENTRY--TOPICAL TERM
Topical term or geographic name entry element EUROSTAT MONTHLY CONSTRUCTION INDEX
651 #4 - SUBJECT ADDED ENTRY--GEOGRAPHIC NAME
Geographic name Europe
690 ## - LOCAL SUBJECT ADDED ENTRY--TOPICAL TERM (OCLC, RLIN)
Topical term or geographic name as entry element BUILT ENVIRONMENT-CONSTRUCTION MARKET
856 40 - ELECTRONIC LOCATION AND ACCESS
Uniform Resource Identifier <a href="https://epp.eurostat.ec.europa.eu">https://epp.eurostat.ec.europa.eu</a>
Public note View the item free of charge at http://epp.eurostat.ec.europa.eu...
942 ## - ADDED ENTRY ELEMENTS (KOHA)
Suppress in OPAC 0
Holdings
Withdrawn status Lost status Source of classification or shelving scheme Damaged status Not for loan Home library Current library Shelving location Date acquired Total Checkouts Full call number Barcode Date last seen Copy number Price effective from Koha item type
    Dewey Decimal Classification     Virtual Virtual Online 01/07/2009   ONLINE PUBLICATION 147921-2001 06/08/2019 1 06/08/2019 Journal article